000 00566nam a22001937a 4500
003 KOHA_MİRAKIL
005 20251218114914.0
008 251218b tu ||||| |||| 00| 0 tur d
020 _a9789751624499
040 _aTR-AnABB
_btur
_cTR-AnABB
041 _atur
082 _a956.413
_bBOC 2011
100 1 _aBöcüzade Süleyman Sami
245 1 0 _aÜç devirde gördüklerim /
_cBöcüzâde Süleyman Sâmî
260 _aAnkara :
_bTürk Tarih Kurumu,
_c2011
300 _a146 sayfa ;
_c20 cm
650 0 0 _aBiyografi, siyasetçiler
942 _2ddc
_cBK
999 _c9774
_d9774
900 _bGizem YORULMAZ